000 00812nam a2200265Ia 4500
003 OSt
005 20220924115815.0
006 a|||||r|||| 00| 0
007 ta
008 220923b |||||||| |||| 00| 0 urd d
020 _a9789350737576 (hbk)
020 _c350
024 _a290730
037 _b4690, 09/03/2016, Kitabi Duniya
_cTextual
040 _aARTS
_cARTS
_burd
041 _2urd
_aurd
082 _aO168,1w273, Q5
100 _aKhan Mohammad Hamid Ali Ed.
_9179659
245 0 _aShad ke baad Bihar ki sheri taslees
260 _aDelhi
_bEducational Publishing House India
_c2015
300 _a296p.
_ccm.
650 _aURDU POETRY
942 _hO168,1w273, Q5
_cTEXL
_2CC
999 _c399968
_d399968